000 01334nam0a22003731 4500
001 v19\rc\1976465
005 20251118181229.2
035 _a(NLR Aleph) 005069627
090 _a7081647
_c7081647
100 _a20080623d1914 |||y0rusy50 ca
101 1 _arus
_ceng
102 _aRU
105 _ay z |||||
200 1 _aКитайская революция
_f[Соч.] Фредерика Мак-Кормика (спец. пекин. кор.)
_gПер. [с англ.] Э.К. Пименовой
210 _aСанкт-Петербург
_cП.И. Певин
_d1914
215 _a143 с.
_d20
225 1 _aБиблиотека современника
311 _aБеспл. прил. к № 8 журн. "Современник"
422 0 _12001#$aСовременник$v№ 8
700 1 _6z01790
_aМак-Кормик
_bФ.
_gФредерик
702 1 _aПименова
_bЭ. К.
_f1854-1935
_gЭмилия Кирилловна
_4730
790 1 _6z01700
_aКормик
_bФ.
_gФредерик
801 0 _aRU
_bNLR
_gpsbo
801 0 _aRU
_bRuMoRGB
_2psbo
801 1 _aRU
_bProSoft-M
_2rusmarc
852 _aNLR
_j34.86.7.66
852 _aNLR
_j130/6358
899 _aRuMoRGB
_jV 10/364
899 _aБАН
899 _aНБ СПбГУ
899 _aГПИБ
899 _aНБ МГУ
942 _cBOOK
980 _aNB